Statistics for Top 10 Scorers In NBA Game

Click here to take the quiz!

General Stats

  • This quiz has been taken 25 times
  • The average score is 10 of 11

Answer Stats

PointsYearAnswer% Correct
812006Kobe Bryant
100%
1001962Wilt Chamberlain
100%
781961Wilt Chamberlain
100%
731962Wilt Chamberlain
100%
731962Wilt Chamberlain
100%
721962Wilt Chamberlain
100%
701963Wilt Chamberlain
100%
711994David Robinson
88%
702017Devin Booker
80%
731978David Thompson
68%
711960Elgin Baylor
60%

Score Distribution

Percentile by Number Answered

Percent of People with Each Score

Your Score History

You have not taken this quiz